00581nam a22002057a 450000500170000001000110001702000100002803500110003803700160004904000120006508200180007710000220009524500560011726000430017327000470021630000200026350000400028365000280032365000240035120170124105946.0 a734705 c00.00 a734705 bCen Lib/Ret aDPLbEN a336.0954bSEN aSengupta, Padmini aThe story of women of India /cby Padmini Sengupta  aNew Delhi bIndian Book Company c1974 bNew Delhi e110001a36 C, connaught place  a273p.c21cm(Hb) aIncludes bibliographical references aWomen conditionzIndia  aHistorical aspects